| 000 | 01007cam a2200241 4500 | ||
|---|---|---|---|
| 008 | 030120n2002 000 0 eng u | ||
| 020 | _a0727731831 | ||
| 035 | _a(Sirsi) u121065 | ||
| 041 | _aeng. | ||
| 050 |
_a690.24 _c18 |
||
| 110 |
_aNational Steering Committee on the Inspection of Multi-Storey Car Parks _94446 |
||
| 245 | _aRecommendations for the inspection and maintenance of multi-storey car parks | ||
| 260 |
_aLondon _bThomas Telford _c2002 |
||
| 300 |
_axi, 100p. _c30cm. |
||
| 350 | _a45 | ||
| 520 | _aProvides guidance on good practice for car park owners and operators and their engineering advisors. The recommendations aim to assist in maintaining safe structures and cost-effective inspection and maintenance with minimum disruption. | ||
| 650 | _aMULTI-STOREY CAR PARKS | ||
| 650 |
_aInspection _96248 |
||
| 650 | _aBUILT ENVIRONMENT-BUILDING MAINTENANCE AND REFURBISHMENT | ||
| 650 | _aREPAIRS | ||
| 690 | _aBUILDING AND CONSTRUCTION-REPAIRS AND MAINTENANCE | ||
| 942 | _n0 | ||
| 999 |
_c102621 _d102621 |
||